000 01320nam a2200241Ia 4500
003 Ost
005 20260507075045.0
008 260507s9999||||xx |||||||||||||| ||und||
040 _cfsecg
041 _aara
082 _a658.57
100 _aدبيان، السيد عبد المقصود
_eمؤلف
245 0 _aبحوث العمليات في المحاسبة /
_c السيد عبد المقصود دبيان
260 _aالإسكندرية:
_bالدار الجامعية,
_c2001
300 _a413 صفحة؛
_bإيضاحات ؛
_c24 سم
520 _aنماذج البرمجة الخطية تكوين النموذج وخطوات حل النموذج، تحليل و استخدام النتائج-فحص وتقصي إنحرافات التكاليف-نموذج تحليل واستخدام النتائج-نموذج تحليل المستخدم المنتج-تخطيط ورقابة التكاليف بإستخدام التحليل الشبكي-نماذج المحاكاة-نماذج البرمجة العددية الصحيحة
653 _aالبرمجة
653 _aالمحاسبة
653 _aبحوث العمليات
700 _aأبو زيد، كمال خليفة
_eمؤلف ثانوي
700 _aعبد اللطيف، ناصر نور الدين
_eمؤلف ثانوي
942 _cكتاب
999 _c42561
_d42561